|
|
|
|
| LEADER |
00000cam a2200000 a 4500 |
| 001 |
vtls001063114 |
| 003 |
SK-MaSNL |
| 005 |
20260301061814.0 |
| 008 |
240226s1995 xo a frb 100 0 slo |
| 015 |
|
|
|a SNBA1996/0100282
|
| 020 |
|
|
|a 807121082X
|c (300 výt.)
|
| 035 |
|
|
|a SNK000005942
|
| 035 |
|
|
|a urn:nbn:sk:snk-amke3f
|
| 035 |
|
|
|a urn:nbn:sk:snk-am003cre
|
| 035 |
|
|
|a 0F77BAC1-0817-48B5-880C-DE8D67262D66
|
| 040 |
|
|
|a SNK
|b slo
|c SNK
|e AACR2
|
| 041 |
0 |
|
|a slo
|
| 044 |
|
|
|a xo
|c SK
|
| 080 |
|
|
|a 930.85:929(082)
|2 1981
|
| 080 |
|
|
|a 929 Koiš, Ján
|2 1981
|
| 080 |
|
|
|a 929 Červeň, Tomáš
|2 1981
|
| 245 |
0 |
0 |
|a Mecén a lexikograf
|b Pamätnica z celonárodnej dvojspomienky venovanej 200. výročiu narodenia národných kultúrnych dejateľov Tomáša Červeňa a Jána Koiša, Trstená - Banská Bystrica 31. marca 1993
|c [Zost.: Miroslav Holečko]
|
| 260 |
|
|
|a Bratislava
|b Národné osvetové centrum
|c 1995
|
| 300 |
|
|
|a 51 s., [3] s. obr. príl.
|b Fotogr.
|c 21 cm
|
| 490 |
1 |
|
|a Edícia vzdelávania
|
| 500 |
|
|
|a Aut. kol.
|
| 504 |
|
|
|a Bibliogr.
|
| 600 |
1 |
|
|a Červeň, Tomáš,
|d 1793-1876
|2 SNK
|9 253581
|
| 600 |
1 |
|
|a Koiš, Ján,
|d 1793-1839
|2 SNK
|9 39441
|
| 655 |
|
7 |
|a zborníky konferencií
|2 SNKPH
|9 70153
|
| 655 |
|
7 |
|a jubilejné publikácie
|2 SNK
|9 70339
|
| 700 |
1 |
|
|a Holečko, Miroslav,
|d 1950-
|4 com
|9 237717
|
| 830 |
|
0 |
|a Edícia vzdelávania
|9 284612
|
| 919 |
|
|
|a 80-7121-082-X
|
| 999 |
|
|
|c 618367
|d 620297
|
| 952 |
|
|
|t P60, <09>, [BOOK], {629}
|a SNK
|b SNK
|y NEVYP
|7 0
|o snkC 1892
|i snk3723/951102
|0 0
|1 0
|4 0
|d 1995-10-31
|l 0
|r 2004-12-31 00:00:00
|w 2026-02-23
|
| 952 |
|
|
|t P60, <03>, [BOOK], {603}
|a SNK
|b SNK
|y PREZ
|7 0
|o snkSC 89248
|i snkKSP 9123/95
|0 0
|1 0
|4 0
|d 1995-10-31
|l 0
|r 2004-12-31 00:00:00
|w 2026-02-23
|
| 952 |
|
|
|t P60, <04>, [BOOK], {604}
|a SNK
|b SNK
|y VYP
|7 0
|p 17A0007697
|o snkSC 89248 D1
|i snkKSP 9124/95
|0 0
|1 0
|4 0
|d 1995-10-31
|l 0
|r 2004-12-31 00:00:00
|w 2026-02-23
|
| 952 |
|
|
|a SNK
|b SNK
|y PREZ
|7 0
|p 17A1013867
|o snkSC 89248
|0 0
|1 0
|4 0
|d 2012-08-21
|f 1
|l 0
|r 2025-09-08 00:00:00
|w 2026-02-23
|